000 00475nam a2200169Ia 4500
005 20250508152831.0
008 008 250505s9999 xx 000 0 eng d
037 _aBooks to be hide in OPAC
040 _aFEDL
_beng
_cFEDL
041 _aeng
_2eng
084 _a351.2, IND/O
_qFEDL
245 0 _aDelhi official directory
300 _a33p.
546 _aForty-first edition the 1st September, 1960
942 _cHB
_h351.2, IND/O
999 _c1339066
_d1339066